Ornament and crime : (Record no. 352670)
[ view plain ]
| 000 -LEADER | |
|---|---|
| fixed length control field | 00950 a2200253 4500 |
| 003 - CONTROL NUMBER IDENTIFIER | |
| control field | OSt |
| 005 - DATE AND TIME OF LATEST TRANSACTION | |
| control field | 20180116192341.0 |
| 008 - FIXED-LENGTH DATA ELEMENTS--GENERAL INFORMATION | |
| fixed length control field | 120525t xxu||||| |||| 00| 0 eng d |
| 010 ## - LIBRARY OF CONGRESS CONTROL NUMBER | |
| LC control number | 97017178 |
| 020 ## - INTERNATIONAL STANDARD BOOK NUMBER | |
| International Standard Book Number | 1572410469 (pbk.) |
| 040 ## - CATALOGING SOURCE | |
| Transcribing agency | 0 |
| 082 00 - DEWEY DECIMAL CLASSIFICATION NUMBER | |
| Classification number | 745.094 |
| 100 1# - MAIN ENTRY--PERSONAL NAME | |
| Personal name | Loos, Adolf, |
| 9 (RLIN) | 2238 |
| 245 10 - TITLE STATEMENT | |
| Title | Ornament and crime : |
| Remainder of title | selected essays / |
| Statement of responsibility, etc. | Adolf Loos ; selected and with an introduction by Adolf Opel ; translated by Michael Mitchell. |
| 260 ## - PUBLICATION, DISTRIBUTION, ETC. | |
| Place of publication, distribution, etc. | Riverside, Calif. : |
| Name of publisher, distributor, etc. | Ariadne Press, |
| Date of publication, distribution, etc. | c1998. |
| 300 ## - PHYSICAL DESCRIPTION | |
| Extent | 204 p. : |
| Other physical details | ill. ; |
| Dimensions | 22 cm. |
| 440 #0 - SERIES STATEMENT/ADDED ENTRY--TITLE | |
| Title | Studies in Austrian literature, culture, and thought. |
| 9 (RLIN) | 2239 |
| 500 ## - GENERAL NOTE | |
| General note | Includes index . |
| 650 #0 - SUBJECT ADDED ENTRY--TOPICAL TERM | |
| Topical term or geographic name entry element | Decorative arts |
| Geographic subdivision | Europe |
| General subdivision | History |
| Chronological subdivision | 19th century. |
| 9 (RLIN) | 2240 |
| 650 #0 - SUBJECT ADDED ENTRY--TOPICAL TERM | |
| Topical term or geographic name entry element | Decorative arts |
| Geographic subdivision | Europe |
| General subdivision | History |
| Chronological subdivision | 20th century. |
| 9 (RLIN) | 2241 |
| 700 1# - ADDED ENTRY--PERSONAL NAME | |
| Personal name | Opel, Adolf, |
| Dates associated with a name | 1935- |
| 9 (RLIN) | 2242 |
| 942 ## - ADDED ENTRY ELEMENTS (KOHA) | |
| Institution code [OBSOLETE] | SADA |
| Koha item type | Book |
| Call number prefix | 745.094 LOO 1998 |
| Source of classification or shelving scheme | |
| Withdrawn status | Lost status | Source of classification or shelving scheme | Damaged status | Not for loan | Permanent Location | Current Location | Date acquired | Total Checkouts | Total Renewals | Full call number | Barcode | Date last seen | Date last checked out | Cost, replacement price | Price effective from | Koha item type |
|---|---|---|---|---|---|---|---|---|---|---|---|---|---|---|---|---|
| School of Art Design and Architecture (SADA) | School of Art Design and Architecture (SADA) | 03/11/2011 | 7 | 2 | 745.094 LOO 1998 | SADA0000659 | 05/03/2016 | 05/03/2016 | 1874.00 | 08/05/2011 | Book |
